000 00741cam a22002531 4500
999 _c21839
_d21839
001 3128550
003 BDDh-ASL
005 20231015030041.0
008 700514s1969 enkcf b 000 0 eng
010 _a 70394876
015 _aB69-07028
020 _a0192151673
040 _aDLC
_cDLC
_dDLC
_dBDDh-ASL
050 0 0 _aDS383.5.A2
_bB52
082 0 0 _a327.549
_bBHM
100 1 _aBhutto, Zulfikar Ali,
_d1928-1979.
245 1 4 _aThe myth of independence /
260 _aLondon :
_aLahore [etc.]
_bOxford U.P.,
_c1969.
300 _ax, 188 p. :
_b4 plates, ports.
_c22 cm.
504 _aBibliographical footnotes.
651 0 _aPakistan
_xForeign relations.
906 _a7
_bcbc
_corignew
_du
_encip
_f19
_gy-gencatlg
942 _2ddc
_cBK